FIFA World Cup 2026 - Paraguay Squad - Statistics

General Stats
  • This quiz has been taken 3 times
  • The average score is 5 of 27
Answer Stats
Team # Position Club/Country Player % Correct
Paraguay 8 CM Brighton & Hove Albion Diego Gómez
100%
Paraguay 15 CB Sociedade Esportiva Palmeiras Gustavo Gómez
100%
Paraguay 19 AM RC Strasbourg Alsace Julio Enciso
67%
Paraguay 10 RW Atlanta United FC Miguel Almirón
67%
Paraguay 3 CB Sunderland AFC Omar Alderete
67%
Paraguay 9 ST US Cremonese Antonio Sanabria
33%
Paraguay 5 CB Grêmio Foot-Ball Porto Alegrense Fabián Balbuena
33%
Paraguay 1 GK Club Cerro Porteño Roberto Fernández
33%
Paraguay 26 LB CA Talleres Alexandro Maidana
0%
Paraguay 18 ST CS Independiente Rivadavia Álex Arce
0%
Paraguay 14 DM Vancouver Whitecaps FC Andrés Cubas
0%
Paraguay 20 DM Orlando City SC Braian Ojeda
0%
Paraguay 16 CM São Paulo Futebol Clube Damián Bobadilla
0%
Paraguay 21 ST CA Independiente Gabriel Ávalos
0%
Paraguay 22 GK Olimpia Asunción Gastón Olveira
0%
Paraguay Manager Argentina Gustavo Alfaro
0%
Paraguay 24 LW Portsmouth FC Gustavo Caballero
0%
Paraguay 2 CB Club Cerro Porteño Gustavo Velázquez
0%
Paraguay 25 ST Red Bull Bragantino Isidro Pitta
0%
Paraguay 13 CB CA Lanús José Canale
0%
Paraguay 4 RB Dynamo Moscow Juan José Cáceres
0%
Paraguay 6 CB Clube Atlético Mineiro Júnior Alonso
0%
Paraguay 17 AM Al-Ain FC Kaku
0%
Paraguay 23 CM Atlanta United FC Matías Galarza
0%
Paraguay 11 AM Sociedade Esportiva Palmeiras Mauricio
0%
Paraguay 12 GK CA San Lorenzo de Almagro Orlando Gill
0%
Paraguay 7 ST Sociedade Esportiva Palmeiras Ramón Sosa
0%
No matching quizzes found
Score Distribution
Percent of People with Each Score
Percentile by Number Answered
Your Score History
You have not taken this quiz